Catálogo
 En Linea

Morir en los bordes de enero y otros relatos / (Registro nro. 9159)

Detalles MARC
000 -CABECERA
campo de control de longitud fija 00795cam a2200241 a 4500
001 - NÚMERO DE CONTROL
campo de control 000009399
005 - FECHA Y HORA DE LA ÚLTIMA TRANSACCIÓN
campo de control 20200929161600.0
008 - DATOS DE LONGITUD FIJA--INFORMACIÓN GENERAL
campo de control de longitud fija 930528s1992 ve 000 j spa
020 ## - NÚMERO INTERNACIONAL ESTÁNDAR DEL LIBRO
Número Internacional Estándar del Libro 9806027914
035 ## - NÚMERO DE CONTROL DEL SISTEMA
Número de control de sistema (DLC) 93159635
040 ## - FUENTE DE LA CATALOGACIÓN
Centro catalogador/agencia de origen DO-SdBNP
Centro/agencia transcriptor DLC
Centro/agencia modificador DLC
082 ## - NÚMERO DE LA CLASIFICACIÓN DECIMAL DEWEY
Número de clasificación V863.44
Número de documento/Ítem A388m
049 ## - FONDOS LOCALES (OCLC)
Fondos de biblioteca BNGR
100 1# - ENTRADA PRINCIPAL--NOMBRE DE PERSONA
Nombre de persona Alfonzo, Rafael José,
Fechas asociadas al nombre 1949-
9 (RLIN) 24184
245 10 - MENCIÓN DE TÍTULO
Título Morir en los bordes de enero y otros relatos /
Mención de responsabilidad, etc. Rafael José Alfonzo.
260 ## - PUBLICACIÓN, DISTRIBUCIÓN, ETC.
Lugar de publicación, distribución, etc. El Tigre, (Venezuela) :
Nombre del editor, distribuidor, etc. Fundación Rómulo Gallegos,
Fecha de publicación, distribución, etc. 1992.
300 ## - DESCRIPCIÓN FÍSICA
Extensión 74 p. ;
Dimensiones 22 cm.
490 1# - MENCIÓN DE SERIE
Mención de serie Simón Rodriguez
Designación de volumen o secuencia 2
Mención de serie Narrativa
650 #4 - PUNTO DE ACCESO ADICIONAL DE MATERIA--TÉRMINO DE MATERIA
Término de materia o nombre geográfico como elemento de entrada Cuentos venezolanos
9 (RLIN) 3815
650 #4 - PUNTO DE ACCESO ADICIONAL DE MATERIA--TÉRMINO DE MATERIA
Término de materia o nombre geográfico como elemento de entrada Literatura venezolana
Subdivisión cronológica SIGLO XX
9 (RLIN) 9777
830 #0 - PUNTO DE ACCESO ADICIONAL DE SERIE-TÍTULO UNIFORME
Título uniforme Simón Rodriguez ;
Designación de volumen o secuencia 2.
Nombre de parte o sección de la obra Narrativa
9 (RLIN) 24185
910 ## - DATOS DE OPCIÓN DEL USUARIO (OCLC)
Datos de opción del usuario Catalogación por copia / LC
Existencias
Estado de retiro Estado de pérdida Restricciones de uso No para préstamo Código de colección Localización permanente Ubicación/localización actual Ubicación en estantería Fecha de adquisición Número de inventario Total de préstamos Signatura topográfica completa Código de barras Fecha visto por última vez Precio válido a partir de Tipo de ítem Koha
    Préstamo interno   Monografías: Libros y Folletos General General En catalogación 29.09.2009 LF1   V863.44 A388m 9399-10 25.06.2020 25.06.2020 Préstamo interno

Con tecnología Koha